Library Catalogue
St. Thomas' College (Autonomous),Thrissur

Hindi Upanyassam Mem Gram Sama Syayem (Record no. 65560)

MARC details
000 -LEADER
fixed length control field 00401nam a2200169Ia 4500
003 - CONTROL NUMBER IDENTIFIER
control field 0STCL
008 - FIXED-LENGTH DATA ELEMENTS--GENERAL INFORMATION
fixed length control field 150530s9999 xx 000 0 und d
040 ## - CATALOGING SOURCE
Original cataloging agency STCL
Transcribing agency STCL
005 - DATE AND TIME OF LATEST TRANSACTION
control field 20220125171309.0
100 ## - MAIN ENTRY--PERSONAL NAME
Personal name Gyan Asthana
245 ## - TITLE STATEMENT
Title Hindi Upanyassam Mem Gram Sama Syayem
260 ## - PUBLICATION, DISTRIBUTION, ETC. (IMPRINT)
Name of publisher, distributor, etc. Jawahar Pustakalay :Mathura
Date of publication, distribution, etc. 1979
300 ## - PHYSICAL DESCRIPTION
Extent 0
546 ## - LANGUAGE NOTE
Language note Hindi
942 ## - ADDED ENTRY ELEMENTS (KOHA)
Source of classification or shelving scheme Dewey Decimal Classification
Koha item type Book
Holdings
Withdrawn status Lost status Source of classification or shelving scheme Damaged status Not for loan Home library Current library Shelving location Date acquired Cost, normal purchase price Total Checkouts Full call number Barcode Date last seen Price effective from Koha item type
    Dewey Decimal Classification     Santhome Athenaeum Santhome Athenaeum General Stacks 30/05/2015 60.00   891.434-528 57497 30/05/2015 30/05/2015 Book
The Librarian
St. Thomas' College (Autonomous),
Thrissur - 680 001, Kerala, INDIA


Phone: +91 487 2420435    Ext: 1006   |    E-mail: stctlib@gmail.com    |    Web: http://stthomas.ac.in